00465cam a2200157 4500001001100000008004100011035001500052050002100067100003000088245005600118260003100174300002100205500003800226500001200264650003100276BFIL006928 1940 spa  aBFIL006928 4aPQ2216bD38 19401 aDaudet, Alfonso 1840-1897 0aCartas de mi molino : cers. esp. /cAlfonso Daudet. aBuenos Aires :bTor,c1940 a189 p. ;c19 cm. aFecha de publicación presumible a1 ejem. 4aNovela FrancesaxSiglo XIX